00947nab a22002297a 4500003000400000005001700004008004100021040000700062100002200069245009500091260007200186300001300258500003900271505008900310650002000399650002500419650003000444650003400474650002400508700004800532773013700580OSt20260110021513.0190605e xxu||||| |||| 00| 0 spa d cPJ aMansilla, Alberto10aDiscapacidad y derecho del trabajo /cAlberto Mansilla, María Eugenia González Soler.  aCiudad Autónoma de Buenos Aires :bThomson Reuters La Ley,c2023. ap. 72-75 aCita: TR LALEY AR/DOC/2536/2023.  t¿Te interesa el texto completo? Solicitalo al correo: koha@justierradelfuego.gov.ar 0aDERECHO LABORAL 0aRELACIONES LABORALES 0aPERSONAS CON DISCAPACIDAD 0aSITUACIÓN DE VULNERABILIDAD 0aCONTRATO DE TRABAJO aGonzález Soler, María Eugenia ecoautor0 02711dCiudad Autónoma de Buenos Aires : Thomson Reuters La Ley, 1999-2002.tRevista de derecho del trabajo. Nº 6 - Noviembre 2023